Integrace informací při automatizaci na horizontále a vertikále.
Nezastupiteľnú úlohu pri integrácii informácií zohráva bilančná metóda. Predpokladom použitia bilančnej metódy je proporcionalita všetkých hospodárskych javov v celom priereze reprodukčného procesu. Bilančná metóda je založená na predaných výkonoch jedného hospodárskeho strediska a ich využitia v in...
Salvato in:
| Autore principale: | |
|---|---|
| Natura: | Capitolo di libro |
| Lingua: | ceco |
| Soggetti: | |
| Tags: |
Nessun Tag, puoi essere il primo ad aggiungerne!!
|
MARC
| LEADER | 00000naa a2200000 4500 | ||
|---|---|---|---|
| 001 | r004304 | ||
| 005 | 20221125080504.2 | ||
| 041 | 0 | |a cze | |
| 044 | |a [CS] | ||
| 245 | 1 | 0 | |a Integrace informací při automatizaci na horizontále a vertikále. |c A. Chlachula |
| 520 | |a Nezastupiteľnú úlohu pri integrácii informácií zohráva bilančná metóda. Predpokladom použitia bilančnej metódy je proporcionalita všetkých hospodárskych javov v celom priereze reprodukčného procesu. Bilančná metóda je založená na predaných výkonoch jedného hospodárskeho strediska a ich využitia v inom. Význam analytických účtov koncipovaných v súlade s hierarchickou štruktúrou ekonomických klasifikácií. | ||
| 610 | 2 | 0 | |a metóda bilančná |
| 610 | 2 | 0 | |a AIIS |
| 610 | 2 | 0 | |a proces reprodukčný |
| 610 | 2 | 0 | |a strediská hospodárske |
| 610 | 2 | 0 | |a klasifikácia |
| 610 | 2 | 0 | |a účty analytické |
| 100 | 1 | |a Chlachula, A. | |